Statistiques concernant Joueurs de l'Olympique de Marseille (2006-2007)

Cliquez ici pour prendre le quiz!

Statistiques générales

  • Ce quiz a été pris 46 fois
  • Le résultat moyen est 10 sur 27

Statistiques - réponses

Nationalité Poste Joueurs % Correct
SénégalAMamadou Niang
90%
AlbanieMLorik Cana
78%
NigeriaDTaye Taiwo
76%
FranceGCédric Carrasso
76%
FranceMFranck Ribéry
73%
FranceMSamir Nasri
63%
FranceMMathieu Valbuena
54%
SénégalDHabib Beye
49%
FranceADjibril Cissé
46%
FranceEntraineurAlbert Emon
39%
FranceAMickael Pagis
39%
CamerounMModeste M'Bami
37%
FranceDJulien Rodriguez
34%
ArgentineDRenato Civelli
29%
FranceAToifilou Maoulida
29%
Burkina FasoAHabib Bamogo
27%
NigeriaMWilson Oruma
22%
SlovénieDBostjan César
20%
CamerounMSalomon Olembe
17%
FranceDHassoun Camara
15%
FranceDRonald Zubar
15%
FranceDGarry Bocaly
12%
FranceDAlain Cantareil
12%
FranceGSébastien Hamel
12%
SénégalMMame N'Diaye
10%
AlgérieGMehdi Sennaoui
7%
AlgérieASalim Arrache
7%

Distribution des résultats

Percentile par nombre de réponses

% des personnes avec chaque résultat

Votre développement - résultats

Vous n’avez pas pris ce quiz